000 00303pam a2200133 a 4500
020 _c
041 _aeng
082 _bBAB
100 _aBabsky , E & Others.
245 _aHuman Physilogy Vol- 1
_hTextual Documents
260 _aMoscow :
_bM I R Publishers ,
_c1975.
300 _a410p.
930 _a16959
999 _c93859
_d93859